000 00453nam a2200157Ia 4500
999 _c20621
_d20621
003 OSt
005 20200618115030.0
008 190216s9999||||xx |||||||||||||| ||und||
040 _coclc
082 _a954.025
_bMAJ/M
100 _aMajumdar, R K
_93042
245 0 _aMughal Rule In India /
_cR K Majumdar
260 _bSbd Publishers & Distributors,
_c1998.
300 _a508p
942 _cBK
_2ddc
_h954.025
_iMAJ/M
_k954.025
_mMAJ/M